La nueva percepción de los impuestos a las ganancias y bienes personales por operaciones gravadas por el impuesto PAIS (Registro nro. 35169)
[ vista simple ]
| 000 -LEADER | |
|---|---|
| fixed length control field | 00390 a2200109 4500 |
| 001 - CONTROL NUMBER | |
| control field | ART_51794 |
| 005 - DATE AND TIME OF LATEST TRANSACTION | |
| control field | 20260410162044.0 |
| 008 - FIXED-LENGTH DATA ELEMENTS--GENERAL INFORMATION | |
| fixed length control field | 260409a |
| 100 1# - MAIN ENTRY--PERSONAL NAME | |
| Personal name | Coronello, Silvina E. |
| 245 10 - TITLE STATEMENT | |
| Title | La nueva percepción de los impuestos a las ganancias y bienes personales por operaciones gravadas por el impuesto PAIS |
| 773 0# - HOST ITEM ENTRY | |
| Title | Impuestos |
| Related parts | - N°86 (oct. 2020) |
| Record control number | REV45175 |
No hay ítems disponibles.